Determinación de la biodegradación de contaminantes orgánicos y nitrogenados, de la planta procesadora de productos lácteos la montaña S.A, la Gateada, Chontales

El objetivo general de la investigación fue Determinar la biodegradación de contaminantes orgánicos y nitrogenados en la planta de tratamiento de aguas residuales industriales lácteos La Montaña S.A. Por lo que, consta de las siguientes unidades de depuración: Desarenador convencional de flujo...

Full description

Bibliographic Details
Main Authors: López Rivas, Erling José, Ordeñana Quiroz, Iveth del Socorro, Miranda Castellón, Berlinton Hoosmani
Other Authors: Tutor: Vílchez Pérez, Henry Javier
Format: Tesis Section = Libro
Language:Undetermined
Spanish
Published: Managua UNI 2022
Subjects:
LEADER 01483nam a2200289Ia 4500
008 240830s9999 xx 000 0 und d
040 |a BIBLIOTECA-RUPAP/ Mon 628.5 L864 
041 |a spa 
082 |a Mon 628.5 L864 
100 1 |a López Rivas, Erling José 
100 1 |b  Ordeñana Quiroz, Iveth del Socorro 
100 1 |c  Miranda Castellón, Berlinton Hoosmani 
245 1 0 |a Determinación de la biodegradación de contaminantes orgánicos y nitrogenados, de la planta procesadora de productos lácteos la montaña S.A, la Gateada, Chontales 
260 |a Managua  |b UNI  |c 2022 
300 |a 100 p. :il. 
500 |a Contiene: anexos y CD. 
502 |a Tesis (Ingeniero Civil) - UNI, 2022. 
520 3 |a El objetivo general de la investigación fue Determinar la biodegradación de contaminantes orgánicos y nitrogenados en la planta de tratamiento de aguas residuales industriales lácteos La Montaña S.A. Por lo que, consta de las siguientes unidades de depuración: Desarenador convencional de flujo horizontal - criba - reactor anaerobio, dos módulos a partir del reactor anaerobio compuesto por un humedal de flujo vertical y un humedal de flujo horizontal (en módulo a y modulo b). 
650 7 |a BIODEGRADACION 
650 7 |b  CAUDAL 
650 7 |c  CONCENTRACIÓN 
650 7 |d  RUTA METABOLICA 
650 7 |e  AGUAS RESIDUALES INDUSTRIALES 
700 1 |a Tutor:  |b Vílchez Pérez, Henry Javier 
942 |c BK  |2 ddc 
991 |a Tesis 
999 |c 27701